[Event "CP-2018-Q-00012"]
[Site "LSS email"]
[Date "2018.11.28"]
[Round "?"]
[White "Kobryn, Wieslaw"]
[Black "Loktaev, Val"]
[Result "1/2-1/2"]
[WhiteElo "1987"]
[BlackElo "2121"]
[PlyCount "62"]
[EventDate "2018.12.01"]
[EventType "tourn (corr)"]
[EventRounds "6"]
[EventCountry "GER"]
[SourceTitle "Corr 2022"]
[Source "ChessBase"]
[SourceDate "2021.10.24"]
[SourceVersion "1"]
[SourceVersionDate "2021.10.24"]
[SourceQuality "1"]

1. e4 c5 2. Nf3 Nc6 3. d4 cxd4 4. Nxd4 Nf6 5. Nc3 e5 6. Ndb5 d6 7. Bg5 a6 8. Na3 b5 9. Bxf6 gxf6 10. Nd5 f5 11. Bd3 Be6 12. c3 Bg7 13. Qh5 0-0 14. exf5 Bxd5 15. f6 e4 16. fxg7 Re8 17. Be2 Ne5 18. 0-0 Qf6 19. Qh3 Rab8 20. Nc2 Kxg7 21. Rad1 Bxa2 22. Ne3 Kh8 23. f4 exf3 24. Bxf3 Qe6 25. Qh4 Ng6 26. Qd4+ Qe5 27. Qxe5+ Nxe5 28. Rxd6 Nxf3+ 29. Rxf3 a5 30. Rd4 Be6 31. Rff4 Kg7 1/2-1/2

[Event "SB-2018-0-00544"]
[Site "LSS email"]
[Date "2018.08.22"]
[Round "?"]
[White "Turoczi, Peter"]
[Black "Kobryn, Wieslaw"]
[Result "1/2-1/2"]
[WhiteElo "1918"]
[BlackElo "1987"]
[PlyCount "49"]
[EventDate "2018.07.23"]
[EventType "tourn (corr)"]
[EventRounds "6"]
[EventCountry "GER"]
[SourceTitle "Corr 2022"]
[Source "ChessBase"]
[SourceDate "2021.10.24"]
[SourceVersion "1"]
[SourceVersionDate "2021.10.24"]
[SourceQuality "1"]

1. d4 d5 2. c4 e6 3. Nc3 Nf6 4. Bg5 Be7 5. cxd5 exd5 6. e3 h6 7. Bh4 0-0 8. Rc1 Bf5 9. Bd3 Bxd3 10. Qxd3 c6 11. Nge2 Na6 12. 0-0 Ne8 13. Bg3 Nd6 14. Rfd1 Re8 15. a3 Nc7 16. Nf4 Bh4 17. Bxh4 Qxh4 18. Qc2 Ne6 19. Nxe6 Rxe6 20. Ne2 g5 21. Ng3 a6 22. Nf5 Nxf5 23. Qxf5 g4 24. a4 Kg7 25. Qf4 1/2-1/2

[Event "BI-2016-F-0000"]
[Site "LSS email"]
[Date "2016.02.14"]
[Round "?"]
[White "Kobryn, Wieslaw"]
[Black "Pilgram, Kurt"]
[Result "1/2-1/2"]
[WhiteElo "1984"]
[BlackElo "1999"]
[PlyCount "76"]
[EventDate "2016.02.20"]
[EventType "tourn (corr)"]
[EventRounds "10"]
[EventCountry "GER"]
[SourceTitle "Corr 2022"]
[Source "ChessBase"]
[SourceDate "2021.10.24"]
[SourceVersion "1"]
[SourceVersionDate "2021.10.24"]
[SourceQuality "1"]

1. e4 Nc6 2. Nc3 e5 3. Nf3 Nf6 4. a3 d5 5. exd5 Nxd5 6. Bb5 Nxc3 7. bxc3 Bd6 8. d4 exd4 9. cxd4 0-0 10. 0-0 Qf6 11. h3 Bf5 12. Re1 h6 13. Be3 Ne7 14. c4 c6 15. Ba4 Rac8 16. Bd2 Rfe8 17. Bc2 Rcd8 18. c5 Bc7 19. Bxf5 Qxf5 20. Qa4 Qd7 21. Rab1 b5 22. Qa6 Qc8 23. Qxc8 Rxc8 24. a4 a6 25. Ra1 f6 26. axb5 axb5 27. Ra6 Bb8 28. g3 Kf7 29. Kg2 Red8 30. h4 Rd5 31. Rea1 h5 32. Bc3 Rcd8 33. Ne1 R5d7 34. Nc2 Nd5 35. Bd2 Rc8 36. Ne3 Ke6 37. Kf3 Nxe3 38. Kxe3 Kf5 1/2-1/2

[Event "BI-2016-F-0000"]
[Site "LSS email"]
[Date "2016.02.14"]
[Round "?"]
[White "Nicolaescu, Nicolae"]
[Black "Kobryn, Wieslaw"]
[Result "0-1"]
[WhiteElo "1890"]
[BlackElo "1984"]
[PlyCount "22"]
[EventDate "2016.02.20"]
[EventType "tourn (corr)"]
[EventRounds "10"]
[EventCountry "GER"]
[SourceTitle "Corr 2022"]
[Source "ChessBase"]
[SourceDate "2021.10.24"]
[SourceVersion "1"]
[SourceVersionDate "2021.10.24"]
[SourceQuality "1"]

1. e4 c5 2. Nf3 e6 3. d4 cxd4 4. Nxd4 Nc6 5. Nc3 d6 6. Be3 Nf6 7. Be2 Be7 8. 0-0 0-0 9. f4 e5 10. Nb3 exf4 11. Bxf4 Be6 0-1

[Event "BI-2016-F-0000"]
[Site "LSS email"]
[Date "2016.02.14"]
[Round "?"]
[White "Orlov, Vladimir"]
[Black "Kobryn, Wieslaw"]
[Result "1-0"]
[WhiteElo "2186"]
[BlackElo "1984"]
[PlyCount "111"]
[EventDate "2016.02.20"]
[EventType "tourn (corr)"]
[EventRounds "10"]
[EventCountry "GER"]
[SourceTitle "Corr 2022"]
[Source "ChessBase"]
[SourceDate "2021.10.24"]
[SourceVersion "1"]
[SourceVersionDate "2021.10.24"]
[SourceQuality "1"]

1. e4 c5 2. Nf3 e6 3. d4 cxd4 4. Nxd4 Nc6 5. Nc3 Nf6 6. Nxc6 bxc6 7. e5 Nd5 8. Ne4 Qc7 9. f4 Qb6 10. c4 Bb4+ 11. Ke2 f5 12. Nf2 Ba6 13. Kf3 Ne7 14. Be3 Bc5 15. Bxc5 Qxc5 16. Qd6 Qa5 17. Be2 Nc8 18. Qd3 g5 19. Rhd1 Nb6 20. b3 Bb7 21. Qe3 c5+ 22. Kg3 g4 23. Nd3 Rc8 24. Kf2 h5 25. a3 Qc3 26. Rdc1 Qd4 27. Qxd4 cxd4 28. Rd1 Rg8 29. Ne1 h4 30. Rxd4 Ke7 31. Ke3 Be4 32. Bd3 Bc6 33. Ra2 Rb8 34. b4 a5 35. b5 Ba8 36. Rc2 Rgc8 37. c5 Nd5+ 38. Kd2 Bb7 39. b6 Ra8 40. Bb5 Rg8 41. Bc4 a4 42. Nd3 Rgb8 43. Bxd5 Bxd5 44. Rxd5 exd5 45. Nb4 Ke6 46. Ke3 Rb7 47. Kd4 Rh8 48. Nxd5 Kf7 49. c6 dxc6 50. Rxc6 Re8 51. Rf6+ Kg7 52. Rxf5 Rd7 53. Ke4 Re6 54. Rg5+ Kf8 55. f5 Rxd5 56. Kxd5 1-0

[Event "BI-2016-F-0000"]
[Site "LSS email"]
[Date "2016.02.14"]
[Round "?"]
[White "Schmidt, Johannes"]
[Black "Kobryn, Wieslaw"]
[Result "1-0"]
[WhiteElo "1724"]
[BlackElo "1984"]
[PlyCount "87"]
[EventDate "2016.02.20"]
[EventType "tourn (corr)"]
[EventRounds "10"]
[EventCountry "GER"]
[SourceTitle "Corr 2022"]
[Source "ChessBase"]
[SourceDate "2021.10.24"]
[SourceVersion "1"]
[SourceVersionDate "2021.10.24"]
[SourceQuality "1"]

1. e4 c5 2. Nf3 e6 3. Nc3 Nc6 4. d4 cxd4 5. Nxd4 Nf6 6. Ndb5 d6 7. Bf4 e5 8. Bg5 a6 9. Na3 Be7 10. Nc4 0-0 11. Bxf6 Bxf6 12. Qxd6 Be6 13. Qxd8 Raxd8 14. Ne3 Bg5 15. a3 g6 16. Bd3 Kg7 17. 0-0-0 Be7 18. Bc4 Nd4 19. Ncd5 Bh4 20. Rhf1 Bg5 21. c3 Rc8 22. Ba2 Rfd8 23. Rfe1 Nb5 24. Kb1 Nd6 25. f3 h5 26. g3 Bh3 27. a4 b5 28. a5 h4 29. Kc2 Re8 30. g4 Nb7 31. b4 Rc6 32. Rd3 Nd8 33. Nb6 Bf4 34. Rg1 Rc7 35. Ned5 Rb7 36. Nxf4 exf4 37. Rd7 Rxd7 38. Nxd7 Nc6 39. Bd5 Ne7 40. Bb7 f5 41. Nc5 fxg4 42. Ne6+ Kf6 43. Nxf4 Ke5 44. Nxh3 1-0

[Event "BI-2016-F-0000"]
[Site "LSS email"]
[Date "2016.02.14"]
[Round "?"]
[White "Vodicka, Milan"]
[Black "Kobryn, Wieslaw"]
[Result "1-0"]
[WhiteElo "2076"]
[BlackElo "1984"]
[PlyCount "121"]
[EventDate "2016.02.20"]
[EventType "tourn (corr)"]
[EventRounds "10"]
[EventCountry "GER"]
[SourceTitle "Corr 2022"]
[Source "ChessBase"]
[SourceDate "2021.10.24"]
[SourceVersion "1"]
[SourceVersionDate "2021.10.24"]
[SourceQuality "1"]

1. d4 d5 2. c4 e6 3. Nc3 c5 4. cxd5 exd5 5. Nf3 Nc6 6. dxc5 Bxc5 7. Qxd5 Qe7 8. Bg5 f6 9. Bd2 Be6 10. Qe4 f5 11. Qa4 Nf6 12. e3 0-0-0 13. Be2 Kb8 14. 0-0 g5 15. Rfd1 Rhg8 16. Rac1 Bd7 17. Qc2 g4 18. Nd4 Nxd4 19. exd4 Bxd4 20. Bc4 Rge8 21. Bg5 Bc6 22. Qxf5 Ka8 23. Bb5 Bxc3 24. Rxd8+ Rxd8 25. bxc3 Bxb5 26. Qxb5 Rd6 27. Qb3 Re6 28. Rf1 Qe8 29. c4 Ne4 30. Be3 h5 31. a4 Nd6 32. Qd3 Nc8 33. a5 a6 34. g3 Ne7 35. Rd1 Nc6 36. Qa3 Qg6 37. Qc5 Re8 38. Qb6 Qe6 39. Rd5 Rh8 40. Qc7 Qe4 41. Qf4 Qe8 42. Rf5 Qc8 43. Kg2 Qe6 44. Rf6 Qe8 45. Bb6 Nb8 46. Qf5 Qg8 47. Rf7 Qe8 48. h4 gxh3+ 49. Kxh3 Nc6 50. Qd7 Qxd7+ 51. Rxd7 Ne5 52. Rc7 Nf3 53. Be3 Re8 54. Rc5 Ne5 55. Kg2 Ng4 56. Bf4 Nf6 57. Rf5 Re6 58. Bg5 Nd7 59. Rf7 Rd6 60. Bf4 Rd4 61. c5 1-0

[Event "SB-2016-0-00439"]
[Site "LSS email"]
[Date "2016.02.08"]
[Round "?"]
[White "Buczinski, Henryk"]
[Black "Kobryn, Wieslaw"]
[Result "0-1"]
[WhiteElo "2118"]
[BlackElo "1979"]
[PlyCount "130"]
[EventDate "2015.12.26"]
[EventType "tourn (corr)"]
[EventRounds "6"]
[EventCountry "GER"]
[SourceTitle "Corr 2022"]
[Source "ChessBase"]
[SourceDate "2021.10.24"]
[SourceVersion "1"]
[SourceVersionDate "2021.10.24"]
[SourceQuality "1"]

1. d4 d5 2. c4 e6 3. Nc3 c5 4. cxd5 exd5 5. Nf3 Nc6 6. g3 Nf6 7. Bg2 Be7 8. 0-0 0-0 9. dxc5 Bxc5 10. Bg5 Be6 11. Qd2 Be7 12. Rfd1 h6 13. Bxf6 Bxf6 14. Nxd5 Bxd5 15. Qxd5 Qb6 16. Qc4 Rfd8 17. Bf1 Bxb2 18. Rab1 Rxd1 19. Rxd1 Qc7 20. Nh4 Bf6 21. Bg2 Rd8 22. Rd5 Rxd5 23. Bxd5 Qd7 24. Ng6 Nd4 25. Nf4 g5 26. Nh5 Be5 27. e3 Ne2+ 28. Kg2 Nc3 29. Bf3 b6 30. h3 Kf8 31. Kh2 Ke7 32. Bg2 Qd1 33. Qb4+ Qd6 34. Qb3 a5 35. f4 Bh8 36. Qc4 gxf4 37. exf4 Qc5 38. Qa6 Qxh5 39. Qb7+ Kf6 40. Qc8 Ke7 41. Qxh8 Nxa2 42. Qa1 Nb4 43. Qe1+ Kf8 44. Qc3 Qg6 45. Qh8+ Ke7 46. Qa8 Qe6 47. f5 Qf6 48. Qc8 Nd3 49. Qb7+ Kf8 50. Qd5 Nc5 51. Qd1 Kg7 52. Qg4+ Kh7 53. Qf4 Nb3 54. Qg4 Nd4 55. h4 Kh8 56. Qf4 Kg7 57. Qg4+ Kf8 58. Qf4 h5 59. Bf3 a4 60. Bxh5 b5 61. Bd1 a3 62. Qe4 Qd6 63. Qa8+ Kg7 64. Qe4 a2 65. Qg4+ Kf8 0-1

[Event "SB-2016-0-00439"]
[Site "LSS email"]
[Date "2016.02.08"]
[Round "?"]
[White "Kobryn, Wieslaw"]
[Black "Obukhov, Gennady Nikolaevich"]
[Result "1/2-1/2"]
[WhiteElo "1979"]
[BlackElo "1917"]
[PlyCount "74"]
[EventDate "2015.12.26"]
[EventType "tourn (corr)"]
[EventRounds "6"]
[EventCountry "GER"]
[SourceTitle "Corr 2022"]
[Source "ChessBase"]
[SourceDate "2021.10.24"]
[SourceVersion "1"]
[SourceVersionDate "2021.10.24"]
[SourceQuality "1"]

1. e4 e5 2. Nf3 Nc6 3. Bb5 Nge7 4. 0-0 g6 5. c3 Bg7 6. d4 exd4 7. cxd4 d5 8. exd5 Nxd5 9. Re1+ Be6 10. Bg5 Qd6 11. Nbd2 Qb4 12. Bxc6+ bxc6 13. Nb3 0-0 14. Ne5 Bxe5 15. dxe5 Rfb8 16. Rc1 Rb6 17. Nc5 Qxb2 18. Na4 Qb5 19. Rc5 Qb4 20. Nxb6 axb6 21. Rxc6 Rxa2 22. Qc1 h5 23. Rf1 Re2 24. Rc4 Qb3 25. Rxc7 Nxc7 26. Qxc7 Kh7 27. Qb8 Qc3 28. Bf6 Bc8 29. h4 Qc6 30. Qd6 Qxd6 31. exd6 Rd2 32. Be5 Rd5 33. f4 Bg4 34. Rc1 f6 35. Rc7+ Kg8 36. Bxf6 Rxd6 37. Be5 Rd1+ 1/2-1/2

[Event "BI-2015-P-0000"]
[Site "LSS email"]
[Date "2015.04.16"]
[Round "?"]
[White "Arango Marin, Sixto Gregorio"]
[Black "Kobryn, Wieslaw"]
[Result "0-1"]
[WhiteElo "809"]
[BlackElo "1974"]
[PlyCount "36"]
[EventDate "2015.04.22"]
[EventType "tourn (corr)"]
[EventRounds "10"]
[EventCountry "GER"]
[SourceTitle "Corr 2022"]
[Source "ChessBase"]
[SourceDate "2021.10.24"]
[SourceVersion "1"]
[SourceVersionDate "2021.10.24"]
[SourceQuality "1"]

1. e4 c5 2. Bc4 Nf6 3. d3 e6 4. Nf3 d5 5. exd5 exd5 6. Bb3 Nc6 7. a3 h6 8. 0-0 Bd6 9. h3 0-0 10. c4 d4 11. Re1 Bf5 12. Bc2 Qd7 13. Nbd2 Bxh3 14. Ne4 Nxe4 15. dxe4 Qg4 16. g3 Bxg3 17. Nd2 Bxf2+ 18. Kxf2 Qg2# 0-1

[Event "BI-2015-P-0000"]
[Site "LSS email"]
[Date "2015.04.16"]
[Round "?"]
[White "Kobryn, Wieslaw"]
[Black "Dehaybe, Andre"]
[Result "0-1"]
[WhiteElo "1974"]
[BlackElo "2118"]
[PlyCount "94"]
[EventDate "2015.04.22"]
[EventType "tourn (corr)"]
[EventRounds "10"]
[EventCountry "GER"]
[SourceTitle "Corr 2022"]
[Source "ChessBase"]
[SourceDate "2021.10.24"]
[SourceVersion "1"]
[SourceVersionDate "2021.10.24"]
[SourceQuality "1"]

1. e4 Nc6 2. Nf3 e5 3. Bb5 a6 4. Ba4 Nf6 5. 0-0 Be7 6. Bxc6 dxc6 7. d3 Bd6 8. h3 Be6 9. a4 Qe7 10. b3 Nh5 11. Be3 f6 12. Nbd2 Nf4 13. Bxf4 exf4 14. d4 Bb4 15. Qe2 0-0-0 16. Qd3 Bxd2 17. Qxd2 g5 18. c4 g4 19. hxg4 h5 20. g5 fxg5 21. d5 Bg4 22. Qc3 Bxf3 23. Qxf3 Rhf8 24. dxc6 g4 25. Qc3 bxc6 26. Rad1 Rxd1 27. Rxd1 Qxe4 28. Re1 Qf5 29. Re5 Qd7 30. Re4 f3 31. Qd4 Qxd4 32. Rxd4 fxg2 33. Kxg2 Rf3 34. b4 c5 35. bxc5 Kb7 36. a5 Kc6 37. Re4 Kxc5 38. Re5+ Kxc4 39. Rxh5 c5 40. Rg5 Rf4 41. Kg3 Rf6 42. Rxg4+ Kd3 43. Rg8 c4 44. Rd8+ Kc2 45. f4 c3 46. Kf3 Kc1 47. Rb8 Rf5 0-1

[Event "BI-2015-P-0000"]
[Site "LSS email"]
[Date "2015.04.16"]
[Round "?"]
[White "Kobryn, Wieslaw"]
[Black "Jarabinsky, Martin"]
[Result "1/2-1/2"]
[WhiteElo "1974"]
[BlackElo "2280"]
[PlyCount "225"]
[EventDate "2015.04.22"]
[EventType "tourn (corr)"]
[EventRounds "10"]
[EventCountry "GER"]
[SourceTitle "Corr 2022"]
[Source "ChessBase"]
[SourceDate "2021.10.24"]
[SourceVersion "1"]
[SourceVersionDate "2021.10.24"]
[SourceQuality "1"]

1. e4 e5 2. Nf3 Nc6 3. Bb5 a6 4. Ba4 Nf6 5. 0-0 Be7 6. Re1 b5 7. Bb3 d6 8. c3 0-0 9. d4 Bg4 10. Be3 exd4 11. cxd4 Na5 12. Nbd2 c5 13. Bc2 cxd4 14. Bxd4 Rc8 15. h3 Bh5 16. a4 Nc6 17. Be3 d5 18. exd5 Qxd5 19. axb5 axb5 20. Qb1 Bg6 21. Bxg6 hxg6 22. Nf1 Rfe8 23. Rd1 Qc4 24. N1d2 Qd5 25. Ng5 Qf5 26. Qxf5 gxf5 27. Ndf3 Nb4 28. Nd4 g6 29. Ra5 Rcd8 30. Rxb5 Nc2 31. Ngf3 Ne4 32. Re5 Rd7 33. Rc1 Nxe3 34. fxe3 Red8 35. Rb5 Bf8 36. Kf1 Bh6 37. Re1 Bg7 38. Rb4 Re8 39. Rc4 Rb8 40. Rc2 Rdb7 41. b3 Re8 42. Rd1 Bf8 43. Rc4 Kg7 44. Kg1 Bc5 45. Kf1 Ng3+ 46. Kf2 Ne4+ 47. Kf1 Bb4 48. Nc2 Bf8 49. Ncd4 Bc5 50. Kg1 Ba7 51. Rd3 Ra8 52. Rd1 Bb6 53. Rc2 Rbb8 54. Kf1 Re8 55. Rc6 Bc5 56. Rc1 Ba7 57. Rc7 f4 58. exf4 Ng3+ 59. Kf2 Nf5 60. Rxa7 Rxa7 61. Nxf5+ gxf5 62. Nd4 Kg6 63. Kf3 Rd7 64. Rc4 Red8 65. Ke3 Re7+ 66. Kf3 Rde8 67. g3 Re3+ 68. Kf2 Rd3 69. Rc6+ f6 70. Nf3 Kf7 71. Rc7+ Kf8 72. Nh4 Ra8 73. Rc2 Ra5 74. Rb2 Rb5 75. b4 Kf7 76. Nf3 Ra3 77. Nh4 Rd5 78. b5 Ra5 79. b6 Rdb5 80. Rxb5 Rxb5 81. g4 fxg4 82. hxg4 Ke6 83. Nf5 Rxb6 84. Kf3 Rb7 85. Ke4 Rb4+ 86. Ke3 Rb1 87. Ke4 Re1+ 88. Kf3 Rd1 89. Ke4 Re1+ 90. Kf3 Ra1 91. Ng7+ Kd7 92. Ke4 Ra5 93. Nf5 Ra2 94. Nd4 Ke7 95. Nf5+ Ke6 96. Nd4+ Kf7 97. g5 fxg5 98. fxg5 Rf2 99. Ke3 Ra2 100. Ke4 Ra4 101. Ke5 Kg6 102. Ne6 Ra5+ 103. Kf4 Rf5+ 104. Kg4 Re5 105. Nf4+ Kh7 106. Nh5 Rc5 107. Nf4 Rb5 108. Nd3 Ra5 109. Nf4 Ra4 110. Kf5 Ra5+ 111. Kg4 Ra6 112. Kf5 Ra5+ 113. Kg4 1/2-1/2

[Event "BI-2015-P-0000"]
[Site "LSS email"]
[Date "2015.04.16"]
[Round "?"]
[White "Kobryn, Wieslaw"]
[Black "Popov, Misha"]
[Result "1-0"]
[WhiteElo "1974"]
[BlackElo "943"]
[PlyCount "51"]
[EventDate "2015.04.22"]
[EventType "tourn (corr)"]
[EventRounds "10"]
[EventCountry "GER"]
[SourceTitle "Corr 2022"]
[Source "ChessBase"]
[SourceDate "2021.10.24"]
[SourceVersion "1"]
[SourceVersionDate "2021.10.24"]
[SourceQuality "1"]

1. e4 c5 2. Nf3 Nc6 3. d4 cxd4 4. Nxd4 Nf6 5. Nc3 e5 6. Ndb5 d6 7. Nd5 Nxd5 8. exd5 Nb8 9. c4 a6 10. Nc3 Bf5 11. h4 Be7 12. Qf3 Bd7 13. Qg3 g6 14. h5 g5 15. h6 Bf5 16. c5 f6 17. Bd3 Qd7 18. cxd6 Bxd6 19. Qf3 Bxd3 20. Qxd3 Qg4 21. Ne4 Bb4+ 22. Kf1 0-0 23. Be3 f5 24. Nxg5 Nd7 25. f3 e4 26. Qd4 1-0

[Event "BI-2015-P-0000"]
[Site "LSS email"]
[Date "2015.04.16"]
[Round "?"]
[White "Schubert, Volker"]
[Black "Kobryn, Wieslaw"]
[Result "1/2-1/2"]
[WhiteElo "2144"]
[BlackElo "1974"]
[PlyCount "85"]
[EventDate "2015.04.22"]
[EventType "tourn (corr)"]
[EventRounds "10"]
[EventCountry "GER"]
[SourceTitle "Corr 2022"]
[Source "ChessBase"]
[SourceDate "2021.10.24"]
[SourceVersion "1"]
[SourceVersionDate "2021.10.24"]
[SourceQuality "1"]

1. d4 d5 2. c4 c6 3. Nf3 Nf6 4. e3 Bf5 5. Nc3 e6 6. Nh4 Be4 7. f3 Bg6 8. Nxg6 hxg6 9. Qb3 Qc7 10. Bd2 a6 11. Rc1 dxc4 12. Bxc4 b5 13. Be2 Rxh2 14. Kf2 Nbd7 15. a4 Be7 16. Bd3 Rb8 17. axb5 axb5 18. Nxb5 Ng4+ 19. fxg4 Bh4+ 20. Ke2 Rxg2+ 21. Kd1 Qg3 22. Be2 cxb5 23. Bb4 Rh2 24. Rxh2 Qg1+ 25. Kd2 Qxh2 26. Qa3 Nb6 27. Bd6 Qf2 28. Bxb8 Nc4+ 29. Rxc4 Qe1+ 30. Kd3 bxc4+ 31. Kxc4 Qxe2+ 32. Kc5 Qc2+ 33. Qc3 Qa4 34. Qa3 Be7+ 35. Bd6 Bxd6+ 36. Kxd6 Qd7+ 37. Kc5 Qd5+ 38. Kb6 f5 39. Qa7 fxg4 40. Qxg7 Qd6+ 41. Ka5 e5 42. Qh8+ Kd7 43. dxe5 1/2-1/2

[Event "BI-2013-F-0012"]
[Site "LSS email"]
[Date "2014.02.21"]
[Round "?"]
[White "Kobryn, Wieslaw"]
[Black "Abbey, William"]
[Result "1/2-1/2"]
[WhiteElo "1898"]
[BlackElo "2031"]
[PlyCount "86"]
[EventDate "2014.02.27"]
[EventType "tourn (corr)"]
[EventRounds "10"]
[EventCountry "GER"]
[SourceTitle "Corr 2015"]
[Source "ChessBase"]
[SourceDate "2015.07.17"]
[SourceVersion "1"]
[SourceVersionDate "2015.07.17"]
[SourceQuality "1"]

1. e4 c5 2. Nf3 d6 3. d4 Nf6 4. Nc3 cxd4 5. Nxd4 g6 6. Be3 Bg7 7. f3 0-0 8. Qd2 Nc6 9. Bc4 Ne5 10. Bb3 a6 11. 0-0-0 Bd7 12. Bh6 a5 13. Bxg7 Kxg7 14. a3 b5 15. f4 b4 16. fxe5 dxe5 17. Nf3 bxc3 18. Qxc3 Qb6 19. Nxe5 Be6 20. Bd5 Rfc8 21. Qd4 Qc7 22. c4 Nxd5 23. exd5 f6 24. Nc6 Bd7 25. Nxe7 Qxc4+ 26. Qxc4 Rxc4+ 27. Kb1 Rd8 28. b3 Rb8 29. Rd3 Re4 30. Nc6 Rc8 31. Nd4 Re5 32. Rhd1 Kf7 33. Nf3 Re2 34. R3d2 Bf5+ 35. Ka1 Rxd2 36. Rxd2 Be4 37. Kb2 Rd8 38. d6 Bxf3 39. gxf3 Ke6 40. Re2+ Kf5 41. Re7 Rxd6 42. Rxh7 Kf4 43. Rh3 Rd2+ 1/2-1/2

[Event "BI-2013-F-0012"]
[Site "LSS email"]
[Date "2014.02.21"]
[Round "?"]
[White "Kobryn, Wieslaw"]
[Black "Koch, Christian"]
[Result "0-1"]
[WhiteElo "1898"]
[BlackElo "2139"]
[PlyCount "158"]
[EventDate "2014.02.27"]
[EventType "tourn (corr)"]
[EventRounds "10"]
[EventCountry "GER"]
[SourceTitle "Corr 2015"]
[Source "ChessBase"]
[SourceDate "2015.07.17"]
[SourceVersion "1"]
[SourceVersionDate "2015.07.17"]
[SourceQuality "1"]

1. e4 c5 2. Nf3 d6 3. d4 cxd4 4. Nxd4 Nf6 5. Nc3 a6 6. Be3 e5 7. Nb3 Be6 8. f3 Be7 9. Qd2 0-0 10. 0-0-0 Nbd7 11. g4 b5 12. g5 b4 13. Ne2 Ne8 14. f4 a5 15. f5 a4 16. Nbd4 exd4 17. Nxd4 b3 18. Kb1 bxc2+ 19. Nxc2 Bb3 20. axb3 axb3 21. Na3 Ne5 22. h4 Ra4 23. Bd4 Qa8 24. Qg2 Kh8 25. Rh3 Rb4 26. Re3 f6 27. Bc3 Rb8 28. Rg3 Qc6 29. Be2 Rb7 30. Rh3 Nc7 31. Rg1 Qd7 32. Bxe5 dxe5 33. gxf6 Bxf6 34. Rd3 Qa4 35. Rg3 Na6 36. Rc3 Qa5 37. Qf3 Nc5 38. Rgc1 Be7 39. Bc4 Rb6 40. Qe3 Na4 41. Rxb3 Bc5 42. Qe1 Bb4 43. Qg3 Nc5 44. Re3 Bd2 45. Rg1 Qa7 46. Re2 Bf4 47. Qf3 Rfb8 48. Rgg2 Nb3 49. Qc3 Qd7 50. Bd5 Rc8 51. Qxb3 Rxb3 52. Bxb3 Qd8 53. h5 Qh4 54. Rc2 Rd8 55. Ka2 Qxh5 56. Rc7 Bg5 57. Bd5 h6 58. Rgc2 Bf6 59. R2c5 Kh7 60. R5c6 Qh4 61. Rf7 h5 62. Rcxf6 Qxf6 63. Rxf6 gxf6 64. Nc4 Kh6 65. b4 h4 66. Ne3 h3 67. Kb3 Kg5 68. Nf1 Rc8 69. b5 Rc1 70. Bc4 Kf4 71. Kb4 Kf3 72. b6 Rxf1 73. Bxf1 h2 74. b7 h1Q 75. b8Q Qxf1 76. Qd6 Kxe4 77. Qxf6 Qxf5 78. Qc6+ Ke3 79. Qc1+ Ke2 0-1

[Event "BI-2013-F-0012"]
[Site "LSS email"]
[Date "2014.02.21"]
[Round "?"]
[White "Loktayev, Vladislav"]
[Black "Kobryn, Wieslaw"]
[Result "1/2-1/2"]
[WhiteElo "1680"]
[BlackElo "1898"]
[PlyCount "41"]
[EventDate "2014.02.27"]
[EventType "tourn (corr)"]
[EventRounds "10"]
[EventCountry "GER"]
[SourceTitle "Corr 2015"]
[Source "ChessBase"]
[SourceDate "2015.07.17"]
[SourceVersion "1"]
[SourceVersionDate "2015.07.17"]
[SourceQuality "1"]

1. d4 d5 2. c4 c6 3. Nf3 Nf6 4. e3 Bg4 5. h3 Bxf3 6. Qxf3 e6 7. Nc3 Nbd7 8. Bd3 Bb4 9. 0-0 0-0 10. cxd5 exd5 11. a3 Be7 12. b4 a6 13. Re1 Re8 14. Bb2 Bf8 15. Re2 g6 16. Rae1 Re6 17. e4 dxe4 18. Nxe4 Nxe4 19. Bxe4 Nf6 20. Bc2 Rxe2 21. Rxe2 1/2-1/2

[Event "CP-2013-P-00024"]
[Site "LSS email"]
[Date "2013.09.30"]
[Round "?"]
[White "Panov, Sergey Ivanovich"]
[Black "Kobryn, Wieslaw"]
[Result "1-0"]
[WhiteElo "2173"]
[BlackElo "1898"]
[PlyCount "85"]
[EventDate "2013.10.01"]
[EventType "tourn (corr)"]
[EventRounds "6"]
[EventCountry "GER"]
[SourceTitle "Corr 2015"]
[Source "ChessBase"]
[SourceDate "2015.07.17"]
[SourceVersion "1"]
[SourceVersionDate "2015.07.17"]
[SourceQuality "1"]

1. Nf3 Nf6 2. c4 c6 3. g3 g6 4. b3 d5 5. Bb2 Bg7 6. Bg2 0-0 7. 0-0 Bg4 8. d3 Bxf3 9. Bxf3 e6 10. Nd2 Nbd7 11. Qc2 Ne8 12. d4 Nef6 13. Rfe1 Qa5 14. Rac1 Qc7 15. Bg2 a5 16. a3 Rfd8 17. e3 Rac8 18. Qd3 Re8 19. Qe2 Red8 20. g4 Qd6 21. g5 Ne8 22. e4 dxe4 23. Nxe4 Qe7 24. Bc3 Ra8 25. h4 Qxa3 26. c5 e5 27. d5 Qxb3 28. d6 Qe6 29. Kh2 f5 30. gxf6 Bxf6 31. Bh3 Qd5 32. Rcd1 Qf7 33. Rd3 Qc4 34. Bxd7 Rxd7 35. Qg4 Qf7 36. Rf3 Rdd8 37. h5 Qd7 38. Qg3 Qg7 39. Nxf6+ Nxf6 40. Bxe5 Rf8 41. d7 Qxd7 42. Bxf6 Qd5 43. Re5 1-0

[Event "BI-2013-P-00010"]
[Site "LSS email"]
[Date "2013.04.22"]
[Round "?"]
[White "Kobryn, Wieslaw"]
[Black "Paetzold, Ortwin"]
[Result "1-0"]
[WhiteElo "1943"]
[BlackElo "1635"]
[PlyCount "99"]
[EventDate "2013.04.25"]
[EventType "tourn (corr)"]
[EventRounds "10"]
[EventCountry "GER"]
[SourceTitle "Telechess CBM 167"]
[Source "ChessBase"]
[SourceDate "2015.07.13"]
[SourceVersion "1"]
[SourceVersionDate "2015.07.13"]
[SourceQuality "1"]

1. e4 c5 2. Nf3 d6 3. d4 cxd4 4. Nxd4 Nf6 5. Nc3 a6 6. Be3 e5 7. Nb3 Be7 8. Qd2 0-0 9. 0-0-0 Ng4 10. Kb1 Be6 11. g3 b5 12. Nd5 Nxe3 13. Nxe3 Nd7 14. Na5 Qc7 15. Nd5 Bxd5 16. exd5 Bg5 17. f4 Bf6 18. Nc6 Rfe8 19. Bg2 Nb6 20. b3 exf4 21. Qxf4 a5 22. Rhe1 Nd7 23. Bf1 b4 24. Bb5 Ne5 25. Qf2 Qb7 26. Ba4 Qa6 27. Rc1 Rec8 28. Re4 Nxc6 29. dxc6 Be5 30. Rd1 Rc7 31. Qf3 Re7 32. h4 Qb6 33. g4 Rd8 34. Re3 Re6 35. g5 Rc8 36. Red3 Rc7 37. Rd5 Qa7 38. Rb5 Qa8 39. Qd5 Qc8 40. Rxa5 Bc3 41. Qf3 Rce7 42. Rad5 Qb8 43. Rb5 Qd8 44. Rb7 g6 45. Rd7 Qc8 46. Qd3 Re8 47. c7 Bg7 48. Qf1 Rf8 49. Qc4 Bc3 50. a3 1-0